000 00698nam a2200289Ia 4500
005 20260324144919.0
008 008 260324s9999 xx 000 0 eng d
020 _a9781351171649
037 _aEBOOK
040 _aCRL
040 _beng
040 _cCRL
041 _2eng
041 _aeng
084 _qCRL
100 _aRichard J R Kirkby
_91221071
245 0 _aUrbanization in China
245 0 _bTown and Country in a Developing Economy 1949-2000 AD
260 _bTaylor and Francis
260 _c1985
365 _a
365 _b220
856 _uhttp://www.taylorfrancis.com/books/9781351171649
942 _cEBOOK
999 _c1828284
_d1828284